The Valuation of Apartment Properties: Second Edition /
Guardado en:
| Autores principales: | , , |
|---|---|
| Formato: | Libro |
| Lenguaje: | inglés |
| Publicado: |
Chicago:
Appraisal Institute,
2008
|
| Edición: | 2. vyd. |
| Materias: | |
| Etiquetas: |
Sin Etiquetas, Sea el primero en etiquetar este registro!
|
MARC
| LEADER | 00000nam a22000003a 4500 | ||
|---|---|---|---|
| 001 | 0078965 | ||
| 003 | SK-STU | ||
| 005 | 20200107105932.2 | ||
| 007 | ta | ||
| 008 | 200107s ----xo-----e------000-0-----d | ||
| 020 | |a 978-0-922154-95-1 | ||
| 040 | |a STU |b slo | ||
| 041 | 0 | |a eng |h eng | |
| 044 | |a xxu | ||
| 100 | 1 | |a Mills, Arlen C. |4 aut |r Z6 | |
| 245 | 1 | 0 | |a The Valuation of Apartment Properties: |b Second Edition / |c aut. Arlen C Mills, Richard L Parli, Anthony Reynolds |
| 250 | |a 2. vyd. | ||
| 260 | |a Chicago: |b Appraisal Institute, |c 2008 | ||
| 300 | |a 200 s. | ||
| 650 | 0 | 7 | |a apartments |
| 650 | 0 | 7 | |a real property |
| 650 | 0 | 7 | |a valuation |
| 700 | 1 | |a Parli, Richard L. |r Z6 |4 aut | |
| 700 | 1 | |a Reynolds, Anthony |r Z6 |4 aut | |
| 996 | |c V* 53019/O-24179 |l VV25 |s P |a 0 |w 0078965_0001 | ||